|
|
|
|
| LEADER |
00000cas a2200000 a 4500 |
| 001 |
vtls011584683 |
| 003 |
SK-MaSNL |
| 005 |
20260228164356.0 |
| 008 |
161007c20009999xo mr| 0 0slo |
| 022 |
|
|
|a 1335-7352
|
| 040 |
|
|
|a SNK
|b slo
|c SNK
|e AACR2
|
| 041 |
0 |
|
|a slo
|
| 044 |
|
|
|a xo
|c SK
|
| 072 |
|
7 |
|a 629
|x Dopravné prostriedky
|2 konspekt
|
| 080 |
|
|
|a 629.331.083
|2 2001
|
| 080 |
|
|
|a 050
|2 2001
|
| 210 |
0 |
|
|a Autotuning Slovak.
|
| 222 |
|
0 |
|a Autotuning Slovakia
|
| 245 |
0 |
0 |
|a Autotuning Slovakia
|b mesačník o automobiloch, autotuningu a priemysle na Slovensku
|
| 260 |
|
|
|a Martin
|b Autotuning
|c 2000-2001
|
| 300 |
|
|
|a 2 zv.
|c 30 cm
|
| 310 |
|
|
|a 1x mesačne
|
| 362 |
0 |
|
|a Roč. 1 (2000)-roč. 2, č. 6 (2001)
|
| 500 |
|
|
|a Registračné číslo: MK SR 2272/2000
|
| 500 |
|
|
|a Posledné číslo aktuálneho roka je zároveň prvým číslom nasledujúceho roka
|
| 500 |
|
|
|a Časopis má dvojité číslovanie - číselné a slovné
|
| 515 |
|
|
|a Niektoré čísla vychádzajú ako dvojčíslo
|
| 650 |
0 |
7 |
|a tuning automobilov
|2 SNKPH
|9 115495
|
| 655 |
|
7 |
|a špecializované časopisy
|2 SNKPH
|9 70509
|
| 785 |
0 |
0 |
|t Autotuning mototuning (Tlačené vydanie)
|x 1335-9436
|
| 856 |
4 |
|
|u http://www.autotuning.sk
|
| 910 |
|
|
|a snk
|
| 958 |
|
|
|a OND
|
| 999 |
|
|
|c 13367
|d 15297
|
| 952 |
|
|
|0 0
|1 0
|4 0
|7 0
|8 0
|a SNK
|b SNK
|d 2016-11-11
|i snk2016/26465
|l 0
|o snkČSB 6249/1/2000
|p 17A1203877
|r 2026-02-21 20:13:23
|t č. 1-11, neúplné
|w 2026-02-21
|y PREZ
|z Chýba č. 1, 2, 3, 4, 7, 8, 9, 10, 11
|
| 952 |
|
|
|0 0
|1 0
|4 0
|7 0
|8 0
|a SNK
|b SNK
|d 2016-11-11
|i snk2016/26487
|l 0
|o snkČSB 6249/2/2001
|p 17A1203876
|r 2026-02-21 22:17:16
|t č. 12/1-6
|w 2026-02-21
|y PREZ
|
| 952 |
|
|
|0 0
|1 0
|4 0
|7 0
|8 0
|a SNK
|b SNK
|d 2016-11-11
|i snk2016/26507
|l 0
|o snkČSB 6249/2/2001 D1
|p 17A1203875
|r 2026-02-21 22:17:16
|t č. 12/1-6, neúplné
|w 2026-02-21
|y PREZ
|z Chýba č. 6
|